<?xml version="1.0" encoding="UTF-8"?>
<record
    xmlns:xsi="http://www.w3.org/2001/XMLSchema-instance"
    xsi:schemaLocation="http://www.loc.gov/MARC21/slim http://www.loc.gov/standards/marcxml/schema/MARC21slim.xsd"
    xmlns="http://www.loc.gov/MARC21/slim">

  <leader>02247nam a2200361 a 4500</leader>
  <controlfield tag="001"> </controlfield>
  <controlfield tag="003">DO-SdBNP</controlfield>
  <controlfield tag="005">20220114115512.0</controlfield>
  <controlfield tag="007">000001943</controlfield>
  <controlfield tag="008">090630s2007    dr ac         000 0 spa d</controlfield>
  <datafield tag="020" ind1=" " ind2=" ">
    <subfield code="z">9789945406535</subfield>
  </datafield>
  <datafield tag="040" ind1=" " ind2=" ">
    <subfield code="a">BPMSU</subfield>
    <subfield code="b">spa</subfield>
    <subfield code="c">BPMSU</subfield>
  </datafield>
  <datafield tag="082" ind1=" " ind2="4">
    <subfield code="a">327.7307293</subfield>
    <subfield code="b">N964a, 2007</subfield>
    <subfield code="2">22</subfield>
  </datafield>
  <datafield tag="092" ind1=" " ind2=" ">
    <subfield code="a"> </subfield>
  </datafield>
  <datafield tag="100" ind1="1" ind2=" ">
    <subfield code="a">N&#xFA;&#xF1;ez Polanco, Di&#xF3;medes,</subfield>
    <subfield code="d">1952-</subfield>
  </datafield>
  <datafield tag="245" ind1="1" ind2="0">
    <subfield code="a">Anexionismo y resistencia :</subfield>
    <subfield code="b">relaciones dom&#xED;nico-norteamericanas en tiempos de Grant, B&#xE1;ez y Luper&#xF3;n /</subfield>
    <subfield code="c">Di&#xF3;medes N&#xFA;&#xF1;ez Polanco ; edici&#xF3;n Tom&#xE1;s Castro Burdiez.</subfield>
  </datafield>
  <datafield tag="250" ind1=" " ind2=" ">
    <subfield code="a">3a ed.</subfield>
  </datafield>
  <datafield tag="260" ind1=" " ind2=" ">
    <subfield code="a">Santo Domingo :</subfield>
    <subfield code="b">Alfa &amp; Omega,</subfield>
    <subfield code="c">2007.</subfield>
  </datafield>
  <datafield tag="300" ind1=" " ind2=" ">
    <subfield code="a">303 p. :</subfield>
    <subfield code="b">il., retrs. ;</subfield>
    <subfield code="c">23 cm.</subfield>
  </datafield>
  <datafield tag="500" ind1=" " ind2=" ">
    <subfield code="a">Incluye datos biogr&#xE1;ficos del autor el la contracubierta </subfield>
  </datafield>
  <datafield tag="504" ind1=" " ind2=" ">
    <subfield code="a">Incluye referencias bibliogr&#xE1;ficas y notas</subfield>
  </datafield>
  <datafield tag="505" ind1="1" ind2=" ">
    <subfield code="t">Introducci&#xF3;n -- </subfield>
    <subfield code="t">Antecedentes del proyecto de anexi&#xF3;n -- </subfield>
    <subfield code="t">Contexto internacional -- </subfield>
    <subfield code="t">Proyecto de anexi&#xF3;n --</subfield>
    <subfield code="t">Grant y la posici&#xF3;n de la clase dirigente norteamericana a la Anexi&#xF3;n -- </subfield>
    <subfield code="t">La primera gran intervenci&#xF3;n militar norteamericana -- </subfield>
    <subfield code="t">Ideolog&#xED;a y pol&#xED;tica exterior de otros pa&#xED;ses --</subfield>
    <subfield code="t">Summer: vocero de sectores pol&#xED;ticos y econ&#xF3;micos estadounidenses -- </subfield>
    <subfield code="t">Situaci&#xF3;n socio-econ&#xF3;mica: entre el pr&#xE9;stamo Hartmont y la Anexi&#xF3;n --</subfield>
    <subfield code="t"> Concesiones y donaciones a Fabens, Cazneau y otros aventureros --- </subfield>
    <subfield code="t">Contradicciones e intereses en la burocracia norteamericana -- </subfield>
    <subfield code="t">Plebiscito fraudulento y el caso del general Hungr&#xED;a -- </subfield>
    <subfield code="t">La resistencia -- </subfield>
    <subfield code="t">Del pacto de San Marcos al gobierno provisional -- </subfield>
    <subfield code="t">El tel&#xE9;grafo ante los tribunales -- </subfield>
    <subfield code="t">La guerra patria de los seis a&#xF1;os -- </subfield>
    <subfield code="t">La comisi&#xF3;n investigadora de 1871 -- </subfield>
    <subfield code="t">Fracaso del proyecto anexionista --</subfield>
    <subfield code="t"> Conclusiones --</subfield>
    <subfield code="t"> Bibliograf&#xED;a</subfield>
  </datafield>
  <datafield tag="590" ind1=" " ind2=" ">
    <subfield code="6">Inventariado, 2022/VM</subfield>
  </datafield>
  <datafield tag="651" ind1=" " ind2="4">
    <subfield code="a">Rep&#xFA;blica Dominicana </subfield>
    <subfield code="x">Pol&#xED;tica y gobierno </subfield>
    <subfield code="y">Siglo  XIX</subfield>
  </datafield>
  <datafield tag="651" ind1=" " ind2="4">
    <subfield code="a">Rep&#xFA;blica Dominicana </subfield>
    <subfield code="x">Anexi&#xF3;n a los Estados Unidos.</subfield>
  </datafield>
  <datafield tag="651" ind1=" " ind2="4">
    <subfield code="a"> Rep&#xFA;blica Dominicana </subfield>
    <subfield code="x">Relaciones exteriores</subfield>
    <subfield code="z">Estados Unidos.</subfield>
  </datafield>
  <datafield tag="651" ind1=" " ind2="4">
    <subfield code="a">Rep&#xFA;blica Dominicana </subfield>
    <subfield code="x">Historia </subfield>
    <subfield code="y">1865-1916</subfield>
  </datafield>
  <datafield tag="700" ind1="1" ind2=" ">
    <subfield code="a">Castro Burdiez, Tom&#xE1;s,</subfield>
    <subfield code="e">ed.</subfield>
  </datafield>
  <datafield tag="910" ind1=" " ind2=" ">
    <subfield code="a"> VMateo V.</subfield>
  </datafield>
  <datafield tag="942" ind1=" " ind2=" ">
    <subfield code="2">ddc</subfield>
    <subfield code="c">BK</subfield>
  </datafield>
  <datafield tag="945" ind1=" " ind2=" ">
    <subfield code="a"> Inventariado / 2017 VM</subfield>
  </datafield>
  <datafield tag="952" ind1=" " ind2=" ">
    <subfield code="0">0</subfield>
    <subfield code="1">0</subfield>
    <subfield code="2">ddc</subfield>
    <subfield code="4">0</subfield>
    <subfield code="7">0</subfield>
    <subfield code="8">CD</subfield>
    <subfield code="a">BPMET</subfield>
    <subfield code="b">BPMET</subfield>
    <subfield code="d">2015-07-22</subfield>
    <subfield code="l">0</subfield>
    <subfield code="o">BPMSU CD 327.7307293 N964a 2007</subfield>
    <subfield code="p">BPMSU15070320</subfield>
    <subfield code="r">2015-07-22</subfield>
    <subfield code="w">2015-07-22</subfield>
    <subfield code="y">BK</subfield>
  </datafield>
  <datafield tag="956" ind1=" " ind2=" ">
    <subfield code="a">VMATEO</subfield>
    <subfield code="b">10</subfield>
    <subfield code="c">20150722</subfield>
    <subfield code="l">BPMSU</subfield>
    <subfield code="h">00151</subfield>
  </datafield>
  <datafield tag="999" ind1=" " ind2=" ">
    <subfield code="c">7992</subfield>
    <subfield code="d">7992</subfield>
  </datafield>
</record>
